| 000 | 01151nam a22002177a 4500 | ||
|---|---|---|---|
| 999 |
_c11162 _d11162 |
||
| 003 | AR-CdUCM | ||
| 008 | 190403b ||||| |||| 00| 0 spa d | ||
| 040 |
_aMUNICIPALIDAD PROVINCIAL DEL CUSCO _cBIBLIOTECA MUNICIPAL DEL CUSCO |
||
| 082 |
_a348.621 / _bC84 /1944 |
||
| 100 |
_aCosta y Cavero, Ramón, _928372 |
||
| 245 |
_aManual de legislación del magisterio nacional y del empleado público : _banotado y concordado : primer fascículo / |
||
| 260 |
_aLima : _bImpr. Americana _c1944. |
||
| 300 |
_a260 paginas ; _c22 cm. |
||
| 505 | _aContenido : El reconocimiento de servicios y expedición de cédulas -- Ley orgánica de educación N°9359 -- Disposiciones transitorias -- Ley general de cesantia y jubilación -- Comentario de la ley N° 8435 -- -- Ejecutorias y resoluciones que establecen jurisprudencia -- Enumeración de las oficinas que conocen y tramitan las solicitudes que se presentan -- Modelos de formularios para cada caso... | ||
| 650 |
_aJubilación _928373 |
||
| 650 |
_aFuncionarios públicos _928374 |
||
| 650 |
_aLegislación _92962 |
||
| 700 |
_aSanta Cruz Medina, F. _928375 |
||
| 942 |
_2ddc _cLIBROS |
||
| 945 | _awnts | ||